| 000 | 00757nam a2200253 a 4500 | ||
|---|---|---|---|
| 001 | BRCA_3782 | ||
| 005 | 20190320204425.0 | ||
| 008 | 081109s1855----fr-a---###---#000-0#fre-# | ||
| 041 | _afre | ||
| 044 | _afr | ||
| 050 | 4 |
_aF1231.5 _b.F39 1855 |
|
| 100 | 1 |
_aFerry, Gabriel. _99859 |
|
| 245 | 1 | 0 |
_aCostal l´ indien _bscénes de la guerra de l´ indépendance du Mexique _cpar Gabriel Ferry (Louis de Bellemare. |
| 250 | _a2 | ||
| 260 |
_aParís _bL. Hachette _c1855 |
||
| 300 |
_a450 p. _c20 cm. |
||
| 500 | _aEdición con cantos dorados. | ||
| 500 | _aB141 | ||
| 650 | 1 | 4 |
_aViajeros franceses. _97982 |
| 651 | 4 |
_aMéxico _vHistoria _xGuerra de Independencia, _y1810-1821. _99860 |
|
| 700 | 1 |
_aBellemare, Louis. _99861 |
|
| 902 | _aGFM | ||
| 942 |
_2lcc _cB |
||
| 999 |
_c3511 _d3511 |
||